000 00948nam a2200289 i 4500
003 EG-GICUC
005 20260426203150.0
008 260426s1953 fr ||||f |||| 00| 0 fre d
040 _aEG-GiCUC
_bfre
_cEG-GiCUC
_dEG-GiCUC
_eRda
082 0 4 _221
_a343
092 0 4 _221
099 _aLaw1 10 343 BE . R 1953 1010252 V1, C1
245 _aRépertoire de droit criminel et de procédure pénale /
_cpublié sous la direction de Antonin Besson.
264 _aParis,
_bDalloz,
_c1953.
300 _a1022 pages ;
_c 24 cm.
336 _2rda contenu
_a texte
337 _2rda medias
_aOrdinateur
338 _2 transporteur rda
_a Ressource en ligne
490 _aDalloz. Encyclopédie juridique
504 _aIncludes bibliographies.
650 1 _aDroit pénal
_2qrmak
651 1 _2qrmak
700 1 _aBesson, Antonin
_eÉditeur
856 4 0 _uhttps://fll.law.cu.edu.eg/fulltext/bks/B1010252.pdf
905 _a162
942 _2ddc
_cBK
_e21
_n0
999 _c73504
_d73504